000
00271nam a2200109Ia 4500
008
190914s9999||||xx |||||||||||||| ||und||
100
_a
S.M.Yousr,Dr.
245
0
_a
Caculus With Analytic Geometry
260
_a
New Delhi
_b
Bantam Books Inc
_c
2002
300
_a
66
942
_c
BK
999
_c
9157
_d
9157